Quality Control / (Record no. 16548)
[ view plain ]
| 000 -LEADER | |
|---|---|
| fixed length control field | 01945cam a22003254a 4500 |
| 001 - CONTROL NUMBER | |
| control field | 15181180 |
| 005 - DATE AND TIME OF LATEST TRANSACTION | |
| control field | 20080703100149.0 |
| 008 - FIXED-LENGTH DATA ELEMENTS--GENERAL INFORMATION | |
| fixed length control field | 080214s2009 njua b 001 0 eng |
| 020 ## - INTERNATIONAL STANDARD BOOK NUMBER | |
| International Standard Book Number | 0135000955 |
| 020 ## - INTERNATIONAL STANDARD BOOK NUMBER | |
| International Standard Book Number | 9780135000953 |
| 035 ## - SYSTEM CONTROL NUMBER | |
| System control number | (OCoLC)ocn193908300 |
| 040 ## - CATALOGING SOURCE | |
| Original cataloging agency | DLC |
| Transcribing agency | DLC |
| Modifying agency | BAKER |
| -- | YDXCP |
| -- | C#P |
| -- | DLC |
| 082 00 - DEWEY DECIMAL CLASSIFICATION NUMBER | |
| Classification number | 658.562 |
| Edition number | 22 |
| Item number | BES |
| 100 1# - MAIN ENTRY--PERSONAL NAME | |
| Personal name | Besterfield, Dale H. |
| 9 (RLIN) | 29226 |
| 245 10 - TITLE STATEMENT | |
| Title | Quality Control / |
| Statement of responsibility, etc | Dale H. Besterfield. |
| 250 ## - EDITION STATEMENT | |
| Edition statement | 8th ed. |
| 260 ## - PUBLICATION, DISTRIBUTION, ETC. (IMPRINT) | |
| Place of publication, distribution, etc | Upper Saddle River, N.J. : |
| Name of publisher, distributor, etc | Pearson/Prentice Hall, |
| Date of publication, distribution, etc | c2009. |
| 300 ## - PHYSICAL DESCRIPTION | |
| Extent | ix, 540 p. : |
| Other physical details | ill. (some col.) ; |
| Dimensions | 24 cm. + |
| Accompanying material | 1 CD-ROM (4 3/4 in.) |
| 504 ## - BIBLIOGRAPHY, ETC. NOTE | |
| Bibliography, etc | Includes bibliographical references (p. 523-525) and index. |
| 650 #0 - SUBJECT ADDED ENTRY--TOPICAL TERM | |
| Topical term or geographic name as entry element | Quality control. |
| 9 (RLIN) | 29227 |
| 653 ## - INDEX TERM--UNCONTROLLED | |
| Resource For college | |
| Arrived date list | March2012 |
| 942 ## - ADDED ENTRY ELEMENTS (KOHA) | |
| Source of classification or shelving scheme | Dewey Decimal Classification |
| Item type | Book - Borrowing |
| Withdrawn status | Item status | Source of classification or shelving scheme | Materials specified (bound volume or other part) | Damaged status | Not for loan | Vendor | Home library | Current library | Shelving location | Date acquired | Source of acquisition | Total Checkouts | Full call number | Barcode | Date last seen | Date last borrowed | Koha item type | Total Renewals |
|---|---|---|---|---|---|---|---|---|---|---|---|---|---|---|---|---|---|---|
| Lost | Dewey Decimal Classification | Lost In Inventory_2015-8-23 | Baccah | Central Library | Central Library | First floor | 06/03/2012 | 2 | 658.562 BES | 000026339 | 08/03/2012 | 07/03/2012 | NB - Book (Non borrowing) | |||||
| Dewey Decimal Classification | Baccah | Central Library | Central Library | First floor | 06/03/2012 | 8 | 658.562 BES | 000026340 | 15/07/2025 | 01/10/2015 | Book - Borrowing | 41 | ||||||
| Dewey Decimal Classification | Baccah | Central Library | Central Library | First floor | 06/03/2012 | 8 | 658.562 BES | 000026341 | 15/07/2025 | 15/08/2018 | Book - Borrowing | 27 | ||||||
| Dewey Decimal Classification | Baccah | Central Library | Central Library | First floor | 06/03/2012 | 1 | 658.562 BES | 000026349 | 24/08/2022 | 06/03/2012 | CD | DVD - With book | 1 | ||||||
| Dewey Decimal Classification | Baccah | Central Library | Central Library | First floor | 06/03/2012 | 658.562 BES | 000026350 | 24/08/2022 | CD | DVD - With book | |||||||||
| Dewey Decimal Classification | Baccah | Central Library | Central Library | First floor | 06/03/2012 | 658.562 BES | 000026351 | 24/08/2022 | CD | DVD - With book |